<?xml version="1.0" encoding="UTF-8"?>
<marc:record xmlns:marc="http://www.loc.gov/MARC21/slim">
   <marc:leader>00000nam a2200000 a 4500</marc:leader>
   <marc:datafield ind1=" " ind2=" " tag="653">
      <marc:subfield code="a">Tortenrezepte</marc:subfield>
   </marc:datafield>
   <marc:datafield ind1=" " ind2=" " tag="653">
      <marc:subfield code="a">Kuchenrezepte</marc:subfield>
   </marc:datafield>
   <marc:datafield ind1=" " ind2=" " tag="653">
      <marc:subfield code="a">Softcover / Ratgeber/Essen</marc:subfield>
   </marc:datafield>
   <marc:datafield ind1=" " ind2=" " tag="653">
      <marc:subfield code="a">Trinken/Backen</marc:subfield>
   </marc:datafield>
   <marc:datafield ind1="0" ind2="0" tag="245">
      <marc:subfield code="a">Geliebte Torten</marc:subfield>
   </marc:datafield>
   <marc:datafield ind1="0" ind2="0" tag="245">
      <marc:subfield code="c">Fotos Bernadette Lütke Hockenbeck. Red.: Mareike Dorda</marc:subfield>
   </marc:datafield>
   <marc:datafield ind1=" " ind2="1" tag="264">
      <marc:subfield code="a">Münster-Hiltrup</marc:subfield>
      <marc:subfield code="b">Landwirtschaftsverl.</marc:subfield>
      <marc:subfield code="c">2014</marc:subfield>
   </marc:datafield>
   <marc:datafield ind1=" " ind2=" " tag="250">
      <marc:subfield code="a">1 Aufl.</marc:subfield>
   </marc:datafield>
   <marc:datafield ind1="1" ind2=" " tag="520">
      <marc:subfield code="a">Angaben aus der Verlagsmeldung

Geliebte Torten 3 : Landfrauen begeistern mit ihren Torten- und Kuchenrezepten

Nach dem Erfolg der ersten beiden Wochenblatt-Backbücher „Geliebte Torten“ erscheint zu Ostern 2014 der dritte Band. Darin verraten 60 weitere Landfrauen ihre Lieblingsrezepte rund ums Backen. Die Tortenrezepte reichen von A wie Ananas-Biskuitrollen-Torte über Himmlische Rhabarbertorte und Stromberger Pflaumentorte bis hin zu Z wie Zitronentorte. Ob Friesischer Käse-Streuselkuchen, Schwedischer Schokoladenkuchen oder ein Lamm für den Ostertisch – auch für Kuchenfreunde ist einiges dabei. Und wer für den Kindergeburtstag das passende Rezept sucht, wird im dritten Band von „Geliebte Torten“ ebenfalls fündig. Alle Rezepte sind mehrfach erprobt und mit Zutaten, die jeder im Haus hat. Wie schon die ersten beiden Bände enthält auch dieses Backbuch wieder großformatige und rezeptgetreue Fotos, die Lust zum Nachbacken machen.
</marc:subfield>
   </marc:datafield>
   <marc:datafield ind1=" " ind2=" " tag="020">
      <marc:subfield code="a">9783784353203</marc:subfield>
      <marc:subfield code="9">9783784353203</marc:subfield>
   </marc:datafield>
   <marc:datafield ind1=" " ind2=" " tag="041">
      <marc:subfield code="a">ger</marc:subfield>
   </marc:datafield>
   <marc:datafield ind1=" " ind2=" " tag="300">
      <marc:subfield code="a">146 S.</marc:subfield>
   </marc:datafield>
</marc:record>
